000 00889nam a2200205 a 4500
003 0
005 20250502111151.0
008 021118s19uu xx 00 eng d
050 _aPGS TJ 163.3
_b.V433 2002
100 _aVelasco, Chynna Carmela Matutina.
245 _aThe awareness of grade six students of Southville International School on energy conversation practices /
_cChynna Carmela Matutina Velasco.
260 _aLas PiƱas City, Philippines :
_bSouthville International School and Colleges,
_c2002.
300 _a27 pages :
_bcolored illustrations ;
_c28 cm.
504 _aIncludes bibliographic references.
650 _aEnergy conservation
_vStudy and teaching (Elementary).
650 _aEnergy conservation
_vPublic opinion.
650 _aEnergy consumption
_vBehavioral aspects.
650 _aSustainable living
_vElementary students.
942 _2lcc
_cPASS
999 _c96664
_d96664